LEADER 01058nam0 22002651i 450 001 UON00277472 005 20231205103822.800 100 $a20060524d1986 |0itac50 ba 101 $ahin 102 $aIN 105 $a|||| 1|||| 200 1 $a25 Pattiyom vala per$fAbid Surti 210 $aDilli$cPrabhat prakashan$d1986 215 $a216 p.$d17 cm 606 $aLETTERATURA HINDI$xNOVELLISTICA$xSEC. XX$3UONC004704$2FI 620 $aIN$dNew Delhi$3UONL000110 686 $aSI VI CCX$cSubcont. indiano - Letteratura hindi - Moderna e contemporanea - Narrativa$2A 700 1$aSURTI$bAbid$3UONV160871$0692030 712 $aPrabhata Prakashana$3UONV247532$4650 801 $aIT$bSOL$c20260220$gRICA 899 $aSIBA - SISTEMA BIBLIOTECARIO DI ATENEO E ARCHIVIO STORICO$2UONSI 912 $aUON00277472 950 $aSIBA - SISTEMA BIBLIOTECARIO DI ATENEO E ARCHIVIO STORICO$dSI SI VI CCX 552 N $eSI SA 75516 5 552 N 996 $a25 Pattiyom vala per$91242933 997 $aUNIOR